000 00596cab a2200217 4500
001 WB2833-31
008 090401t1992 xxu||||| |||| 00| 0 eng d
035 _a(Sirsi) u47376
041 _aeng
245 _aSecond garden swallowed by mine
260 _c1992
350 _a0
490 _aDaily Telegraph
_v26 August 1992, 2(1)
520 _aCollapsing mineworkings in the West Country are prompting calls for a full underground survey.
650 _aCORNWALL
650 _aDEVON
650 _aDISUSED MINESHAFTS
690 _aMINING AND MINERALS
942 _n0
948 _c04/03/1997
999 _c29881
_d29881